व्यक्ति-व्यक्तित्वःजीवनी संग्रह/जीवनाथ धमला (Record no. 97739)
[ view plain ]
| 000 -LEADER | |
|---|---|
| fixed length control field | 00537nam a22001697a 4500 |
| 008 - FIXED-LENGTH DATA ELEMENTS--GENERAL INFORMATION | |
| fixed length control field | 210118b xxu||||| |||| 00| 0 eng d |
| 020 ## - INTERNATIONAL STANDARD BOOK NUMBER | |
| International Standard Book Number | 9993322555 |
| 041 ## - LANGUAGE CODE | |
| Language code of text/sound track or separate title | Nep. |
| 082 ## - DEWEY DECIMAL CLASSIFICATION NUMBER | |
| Classification number | N920/D136b |
| 100 ## - MAIN ENTRY--PERSONAL NAME | |
| Personal name | Dhamala, Jeebannath |
| 241 ## - ROMANIZED TITLE (BK AM CF MP MU VM) | |
| Romanized title | Byakti- byaktitwo: Jeebani sangra |
| 245 ## - TITLE STATEMENT | |
| Title | व्यक्ति-व्यक्तित्वःजीवनी संग्रह/जीवनाथ धमला |
| 260 ## - PUBLICATION, DISTRIBUTION, ETC. | |
| Place of publication, distribution, etc. | Lalitpur: |
| Name of publisher, distributor, etc. | sjha Prakashan, |
| Date of publication, distribution, etc. | 2059BS. |
| 300 ## - PHYSICAL DESCRIPTION | |
| Extent | V, 98p. |
| 650 ## - SUBJECT ADDED ENTRY--TOPICAL TERM | |
| Topical term or geographic name entry element | Biographies |
| 942 ## - ADDED ENTRY ELEMENTS (KOHA) | |
| Source of classification or shelving scheme | Dewey Decimal Classification |
| Koha item type | ISBN |
| Withdrawn status | Lost status | Source of classification or shelving scheme | Damaged status | Not for loan | Home library | Current library | Date acquired | Total Checkouts | Full call number | Barcode | Date last seen | Price effective from | Koha item type |
|---|---|---|---|---|---|---|---|---|---|---|---|---|---|
| Dewey Decimal Classification | Tribhuvan University Central Library | Tribhuvan University Central Library | 01/18/2021 | N920/D136b | IS1724 | 01/18/2021 | 01/18/2021 | ISBN |
